| 000 | 00838nam a22002297a 4500 | ||
|---|---|---|---|
| 005 | 20251108174532.0 | ||
| 008 | 250721s2007 xx 000 0 ara d | ||
| 082 | 1 | 4 | _a345.56507/فاع |
| 100 | 1 |
_aالفاعوري، فتحي توفيق _eمؤلف |
|
| 245 | 1 | 0 | _aعلانية المحاكمات الجزائية في التشريع الأردني مقارنة بالتشريعات الفرنسية و المصرية / |
| 264 | 1 |
_aعمان : _bدار وائل للنشر و التوزيع، _c2007. |
|
| 300 | _a216 ص. | ||
| 650 | 1 | 7 | _aالمحاكم الجناايه |
| 650 | 1 | 7 | _aالاجرااات الجناايه |
| 650 | 1 | 7 | _aالقضاا الجنااي |
| 650 | 1 | 7 | _aالاردن |
| 650 | 1 | 7 | _aمصر |
| 650 | 1 | 7 | _aفرنسا |
| 700 | 1 | _aدانينو، جالور جيورد | |
| 942 |
_2ddc _cBK |
||
| 999 |
_c111652 _d111652 |
||